<?xml version="1.0" encoding="UTF-8"?>
<record
    xmlns:xsi="http://www.w3.org/2001/XMLSchema-instance"
    xsi:schemaLocation="http://www.loc.gov/MARC21/slim http://www.loc.gov/standards/marcxml/schema/MARC21slim.xsd"
    xmlns="http://www.loc.gov/MARC21/slim">

  <leader>00594nam a2200169Ia 4500</leader>
  <controlfield tag="008">090711s9999    xx            000 0 und d</controlfield>
  <datafield tag="082" ind1=" " ind2=" ">
    <subfield code="b">747</subfield>
  </datafield>
  <datafield tag="100" ind1=" " ind2=" ">
    <subfield code="a">&#x92A;&#x93E;&#x920;&#x915; &#x938;&#x941;&#x930;&#x947;&#x936; &#x930;&#x93E;.</subfield>
  </datafield>
  <datafield tag="245" ind1=" " ind2=" ">
    <subfield code="a">&#x92E;&#x932;&#x93E; &#x938;&#x92E;&#x91C;&#x932;&#x947;&#x932;&#x93E; &#x926;&#x93E;&#x938;&#x92C;&#x94B;&#x927; &#x916;&#x902;&#x921; - 1</subfield>
  </datafield>
  <datafield tag="260" ind1=" " ind2=" ">
    <subfield code="c">1996</subfield>
  </datafield>
  <datafield tag="300" ind1=" " ind2=" ">
    <subfield code="a">214</subfield>
  </datafield>
  <datafield tag="600" ind1=" " ind2=" ">
    <subfield code="a">&#x92A;&#x93E;&#x920;&#x915; &#x938;&#x941;&#x930;&#x947;&#x936; &#x930;&#x93E;.</subfield>
  </datafield>
  <datafield tag="630" ind1=" " ind2=" ">
    <subfield code="a">&#x92E;&#x932;&#x93E; &#x938;&#x92E;&#x91C;&#x932;&#x947;&#x932;&#x93E; &#x926;&#x93E;&#x938;&#x92C;&#x94B;&#x927; &#x916;&#x902;&#x921; - 1</subfield>
  </datafield>
  <datafield tag="700" ind1=" " ind2=" ">
    <subfield code="a">&#x92A;&#x93E;&#x920;&#x915; &#x938;&#x941;&#x930;&#x947;&#x936; &#x930;&#x93E;.</subfield>
  </datafield>
  <datafield tag="730" ind1=" " ind2=" ">
    <subfield code="a">&#x92E;&#x932;&#x93E; &#x938;&#x92E;&#x91C;&#x932;&#x947;&#x932;&#x93E; &#x926;&#x93E;&#x938;&#x92C;&#x94B;&#x927; &#x916;&#x902;&#x921; - 1</subfield>
  </datafield>
  <datafield tag="942" ind1=" " ind2=" ">
    <subfield code="c">BOOK</subfield>
  </datafield>
  <datafield tag="999" ind1=" " ind2=" ">
    <subfield code="c">324263</subfield>
    <subfield code="d">324263</subfield>
  </datafield>
  <datafield tag="952" ind1=" " ind2=" ">
    <subfield code="0">0</subfield>
    <subfield code="1">0</subfield>
    <subfield code="4">0</subfield>
    <subfield code="7">0</subfield>
    <subfield code="a">DASAVA</subfield>
    <subfield code="b">DASAVA</subfield>
    <subfield code="d">1997-09-19</subfield>
    <subfield code="g">70.00</subfield>
    <subfield code="l">0</subfield>
    <subfield code="o">747</subfield>
    <subfield code="p">DASAVA-747</subfield>
    <subfield code="r">2009-07-11 00:00:00</subfield>
    <subfield code="v">70.00</subfield>
    <subfield code="w">2009-07-11</subfield>
    <subfield code="y">BOOK</subfield>
  </datafield>
</record>
